Metal Bands A-Z - Statistics

General Stats
  • This quiz has been taken 747 times
  • The average score is 12 of 25
Answer Stats
Letter Song Answer % Correct
M Enter Sandman Metallica
96%
B Iron Man Black Sabbath
94%
R Du Hast Rammstein
90%
P Cowboys From Hell Pantera
88%
I The Number of the Beast Iron Maiden
87%
J Painkiller Judas Priest
85%
S Duality Slipknot
83%
A Madhouse Anthrax
74%
C Hammer Smashed Face Cannibal Corpse
69%
L Redneck Lamb of God
48%
O Ghost of Perdition Opeth
48%
G Cirice Ghost
44%
H I Want Out Helloween
43%
N Scum Napalm Death
38%
Q Operation: Mindcrime Queensrÿche
34%
E Left Hand Path Entombed
29%
U Doctor Doctor UFO
25%
T More Than Meets the Eye Testament
24%
W Still of the Night Whitesnake
23%
Y Rising Force Yngwie Malmsteen
20%
F Edgecrusher Fear Factory
14%
K March of Mephisto Kamelot
12%
D Kings of the Carnival Creation Dimmu Borgir
10%
X Kurenai X Japan
9%
V We Carry On Voivod
5%
No matching quizzes found
Score Distribution
Percent of People with Each Score
Percentile by Number Answered
Your Score History
You have not taken this quiz